00482 a2200169 450000100060000002000240000604000220003010000190005224000380007124500330010930000110014236200090015365000170016294200070017995201090018699900170029567293 a8530807995 (broch.) cAnchieta - Pituba aAntunes, Celso10aAbrindo as portas do futuro lpor10aAbrindo as portas do futuro  a111p. 0 a2006 4aEducação cBK 00104070a91.1b91.1d2023-11-21l0o370 A636a ANT ABRp22161/PITr2023-11-21 18:35:20w2023-11-21yBK c67293d67293